000 03279cam a2200337 a 4500
001 4794664
003 ARRUPE
005 20140218130422.0
008 040701s2004 miub b 010 0 eng d
020 _a0879073047 (pbk.)
035 _a(OCoLC)55798167
035 _a(OCoLC)ocm55798167
035 _a(NNC)4794664
040 _aEXW
_cEXW
_dNNC
050 _aBX3406.2.T874 2004
245 1 0 _aTruth as gift :
_bstudies in medieval Cistercian history in honor of John R. Sommerfeldt /
_cedited by Marsha L. Dutton, Daniel M. La Corte and Paul Lockey.
246 3 0 _aStudies in medieval Cistercian history in honor of John R. Sommerfeldt
260 _aKalamazoo, Mich. :
_bCistercian Publications,
_cc2004.
300 _axxxvi, 588 p. :
_bmap ;
_c22 cm.
490 1 _aCistercian studies series ;
_vno. 204
504 _aIncludes bibliographical references.
505 0 _aLove's last millennial turn / Bernard McGinn -- Saint Bruno of Cologne and solitude / Giles Constable -- The affiliation of Savigny / Christopher Holdsworth -- 'Et inter abbates de majoribus unus': the abbot of Savigny in the Cistercian constitution, 1147-1243 / Francis R. Swietek and Terrence Deneen -- A little-known Armenian historian of the crusading period: Gregory of the Priest (1136-62) / George Beech -- The saga of the sacred stones: the chapter house of Santa Maria de Ovila / Thomas X. Davis -- A corpus liturgicum Cisterciense saeculi duodecimi: a tribute to John Sommerfeldt / Chrysogonus Waddell -- The forgotten library of the sisters of Egeln: a list of the books of the former Cistercian nuns' abbey Marienstuhl in Egeln near Magdeburg / Cornelia Oefelein -- Reading revolutionary book-lists: the case of les Écharlis / David N. Bell -- Bernard's primigenial anthropology: a genus not fully specified / Luke Anderson -- The Augustinian Bernard of Clairvaux: a reading of De gratia et libero arbitrio / Aage Rydstrøm-Poulsen -- 'Woods and stones' & 'The shade of the trees' in the mysticism of Saint Bernard / Emero Stiegman -- Conflicting Cistercian attitudes toward the Jews / Paul Lockey -- Abbot as Magister and Pater in the thought of Bernard of Clairvaux and Aelred of Rievaulx / Daniel M. La Corte -- A historian's historian: the place of Bede in Aelred's contributions to the new history of his age / Marsha L. Dutton -- Meet Abbot William: an introduction to the life and writings of William of Saint Thierry / M. Basil Pennington -- A bibliography of William of Saint Thierry / F. Tyler Sergent -- Humanist critiques of scholastic theology: continuities in medieval educational reform / Christopher Bellitto -- John Calvin's mysticism and the treatise Against the libertines / Dennis E. Tamburello -- Justification and sanctification in John Calvin and Bernard of Clairvaux / Otto Gründler -- Shadows on the Marian wall: the Cistercians and the development of Marian doctrine / E. Rozanne Elder -- John R. Summerfeldt: curriculum vitae.
600 1 0 _aSommerfeldt, John R.
_98707
610 2 0 _aCistercians
_xHistory.
_98708
700 1 _aDutton, Marsha L.
_98709
700 1 _aLa Corte, Daniel M.
_q(Daniel Marcel),
_d1963-
_98710
700 1 _aLockey, Paul.
_98711
830 0 _aCistercian studies series ;
_vno. 204.
_98712
942 _2lcc
_cMONOGRAPH
999 _c120076
_d120076